Study guide to accompany Ward and Hetzel's Biology: (Record no. 75244)
[ view plain ]
| 000 -LEADER | |
|---|---|
| fixed length control field | 00732nam a22002297a 4500 |
| 001 - CONTROL NUMBER | |
| control field | 75244 |
| 003 - CONTROL NUMBER IDENTIFIER | |
| rucl marc code | BD-RjUL |
| 005 - DATE AND TIME OF LATEST TRANSACTION | |
| control field | 20211209082650.0 |
| 008 - FIXED-LENGTH DATA ELEMENTS--GENERAL INFORMATION | |
| fixed length control field | 190206s1980 mnu||||| |||| 00| 0 eng d |
| 035 ## - SYSTEM CONTROL NUMBER | |
| System control number | (BD-RjUL)75462 |
| 040 ## - CATALOGING SOURCE | |
| Original cataloging agency | BD-RjUL |
| Language of cataloging | eng |
| Transcribing agency | BD-RjUL |
| 041 ## - LANGUAGE CODE | |
| Language code of text/sound track or separate title | eng |
| 082 ## - DEWEY DECIMAL CLASSIFICATION NUMBER | |
| Edition number | 23 |
| Classification number | 570 |
| Author mark and year | SCS 1980 |
| 100 ## - MAIN ENTRY--PERSONAL NAME | |
| Personal name | Schrankel Kenneth R. |
| 9 (RLIN) | 227820 |
| 245 ## - TITLE STATEMENT | |
| Title | Study guide to accompany Ward and Hetzel's Biology: |
| Remainder of title | today and tomorrow / |
| Statement of responsibility, etc. | prepared by Kenneth R. Schrankel. |
| 246 ## - VARYING FORM OF TITLE | |
| Title proper/short title | Biology: today and tomorrow |
| 260 ## - PUBLICATION, DISTRIBUTION, ETC. (IMPRINT) | |
| Place of publication, distribution, etc. | St. Paul [Minn.] : |
| Name of publisher, distributor, etc. | West Publishing, |
| Date of publication, distribution, etc. | ©1980. |
| 300 ## - PHYSICAL DESCRIPTION | |
| Pagination | vi, 190 pages ; |
| Size | 25 cm. |
| 650 ## - SUBJECT ADDED ENTRY--TOPICAL TERM | |
| Topical term or geographic name as entry element | Biology |
| 9 (RLIN) | 227821 |
| 651 ## - SUBJECT ADDED ENTRY--GEOGRAPHIC NAME | |
| Geographic name | Biology |
| General subdivision | Programmed instruction. |
| 9 (RLIN) | 227822 |
| 942 ## - ADDED ENTRY ELEMENTS (KOHA) | |
| Source of classification or shelving scheme | Dewey Decimal Classification |
| Koha item type | Books |
| Lost status | Source of classification or shelving scheme | Damaged status | Not for loan | Collection code | Permanent Location | Current Location | Shelving location | Date acquired | Source of acquisition | Total Checkouts | Full call number | Date last seen | Copy number | Koha item type |
|---|---|---|---|---|---|---|---|---|---|---|---|---|---|---|
| Dewey Decimal Classification | Not For Loan | Non-fiction | Central Library, University of Rajshahi | Central Library, University of Rajshahi | Reading Room | 17/11/1990 | Canada | 570 SCS 1980 | 06/02/2019 | C-1 | Books |